Modern operating systems (Record no. 5329)
[ view plain ]
| 000 -LEADER | |
|---|---|
| fixed length control field | 00447nam a2200157Ia 4500 |
| 003 - CONTROL NUMBER IDENTIFIER | |
| control field | SGT |
| 020 ## - INTERNATIONAL STANDARD BOOK NUMBER | |
| International Standard Book Number | 9788120339040 |
| 082 ## - DEWEY DECIMAL CLASSIFICATION NUMBER | |
| Classification number | 5.43 |
| Item number | TAN |
| 100 ## - MAIN ENTRY--PERSONAL NAME | |
| Personal name | Tanenbaum,Andrew S |
| 245 ## - TITLE STATEMENT | |
| Title | Modern operating systems |
| 250 ## - EDITION STATEMENT | |
| Edition statement | 3rd Ed. |
| 260 ## - PUBLICATION, DISTRIBUTION, ETC. (IMPRINT) | |
| Name of publisher, distributor, etc | PHI Learning Private Limited |
| Place of publication, distribution, etc | New Delhi |
| Year of Publication | 2008 |
| 300 ## - PAGE DESCRIPTION | |
| No. of Pages | 1076p. |
| 650 ## - SUBJECT ADDED ENTRY--TOPICAL TERM | |
| Topical term or geographic name as entry element | INTRODUCTION, PROCESSES AND THREADS, MEMORY MANAGEMENT, FILE SYSTEM, INPUT/OUTPUT, DEADLOCKS |
| 942 ## - ADDED ENTRY ELEMENTS (KOHA) | |
| Source of classification or shelving scheme | Dewey Decimal Classification |
| Koha item type | Books |
| 942 ## - ADDED ENTRY ELEMENTS (KOHA) | |
| -- | 10 |
| Withdrawn status | Lost status | Source of classification or shelving scheme | Damaged status | Not for loan | Home library | Current library | Date acquired | SGTU | Total Checkouts | Full call number | Accession No. (Barcode) | Date last seen | Bill Date | Koha item type | Date last borrowed | Use restrictions | Shelving location |
|---|---|---|---|---|---|---|---|---|---|---|---|---|---|---|---|---|---|
| Dewey Decimal Classification | SGT Engineering Library | SGT Engineering Library | 24/09/2011 | SGTU | 5.43 TAN | FE4044 | 03/10/2019 | 09/02/2015 | Books | ||||||||
| Dewey Decimal Classification | SGT Engineering Library | SGT Engineering Library | 24/09/2011 | SGTU | 1 | 5.43 TAN | FE4045 | 14/05/2019 | 09/02/2015 | Books | 04/05/2019 | ||||||
| Dewey Decimal Classification | SGT Engineering Library | SGT Engineering Library | 24/09/2011 | SGTU | 2 | 5.43 TAN | FE4046 | 10/02/2022 | 09/02/2015 | Books | 10/02/2022 | ||||||
| Dewey Decimal Classification | SGT Engineering Library | SGT Engineering Library | 24/09/2011 | SGTU | 1 | 5.43 TAN | FE4047 | 18/09/2024 | 09/02/2015 | Books | 05/09/2024 | ||||||
| Dewey Decimal Classification | Not For Loan | SGT Engineering Library | SGT Engineering Library | 24/09/2011 | SGTU | 5.43 TAN | FE4048 | 27/12/2017 | 09/02/2015 | Books | Restricted Access | Reference Book | |||||
| Dewey Decimal Classification | SGT Engineering Library | SGT Engineering Library | 24/09/2011 | SGTU | 5 | 5.43 TAN | FE4049 | 12/09/2024 | 09/02/2015 | Books | 27/08/2024 | ||||||
| Dewey Decimal Classification | SGT Engineering Library | SGT Engineering Library | 24/09/2011 | SGTU | 3 | 5.43 TAN | FE4050 | 25/01/2025 | 09/02/2015 | Books | 11/01/2025 | ||||||
| Dewey Decimal Classification | SGT Engineering Library | SGT Engineering Library | 24/09/2011 | SGTU | 5.43 TAN | FE4051 | 09/02/2015 | 09/02/2015 | Books | ||||||||
| Dewey Decimal Classification | SGT Engineering Library | SGT Engineering Library | 24/09/2011 | SGTU | 5.43 TAN | FE4052 | 09/02/2015 | 09/02/2015 | Books | ||||||||
| Dewey Decimal Classification | SGT Engineering Library | SGT Engineering Library | 24/09/2011 | SGTU | 2 | 5.43 TAN | FE4053 | 13/08/2024 | 09/02/2015 | Books | 13/08/2024 |